00729nam a2200205Ia 4500001000600000003000500006008004100011010001100052040000900063100003000072245017400102260004100276300001100317502008100328650002700409650001800436650002400454650003000478650001500508Z_765CHAP220113s1990 xx 000 0 und d a163859 cCHAP aMuñoz Duran, J. Jesús aHeterosis y efectos genéticos individuales y maternos en bovinos Angus y Suizo pardo: III. rendimiento y características de la canal /cpor J. Jesús Muñoz Duran aChapingo, Méx. :bEl autor,c1990 a122 h. aTesis (Ing. Agrónomo Esp. en Zootecnia) -- UACH. Departamento de Zootecnia aCarne de res en canal  aGanado Angus  aGanado Suizo pardo  aGanado vacunoxGenética aHeterosis